Introduction (notice n° 2231703)

détails MARC
000 -LEADER
fixed length control field 02792cam a2200253 4500500
005 - DATE AND TIME OF LATEST TRANSACTION
control field 20260517000350.0
041 ## - LANGUAGE CODE
Language code of text/sound track or separate title fre
042 ## - AUTHENTICATION CODE
Authentication code dc
100 10 - MAIN ENTRY--PERSONAL NAME
Personal name Berthe, Abdramane
Relator term author
245 00 - TITLE STATEMENT
Title Introduction
260 ## - PUBLICATION, DISTRIBUTION, ETC.
Date of publication, distribution, etc. 2013.<br/>
500 ## - GENERAL NOTE
General note 72
520 ## - SUMMARY, ETC.
Summary, etc. Beaucoup de personnes et d’institutions financières pensent qu’en Afrique subsaharienne, région marquée par des crises sociopolitiques, économiques et sanitaires, les personnes âgées ne constituent pas une priorité. Cette note présente et critique leurs perceptions et arguments et cherche à démontrer que les personnes âgées constituent une population vulnérable prioritaire mais négligée par l’ensemble des acteurs principalement par les partenaires techniques et financiers de ces pays. Elle s’inscrit dans une approche considérant que le développement est un tout. Améliorer les conditions de vie des enfants, des jeunes, des femmes, tout en négligeant les personnes âgées, c’est accomplir une aide incomplète pour le développement de ce continent. Quatre raisons principales (systémique, éthique/humanitaire, développementaliste et/ou une question d’intérêt ou d’avenir des générations jeunes ou adultes) devraient motiver tous les acteurs à faire d’elles une population non négligée en Afrique subsaharienne.
520 ## - SUMMARY, ETC.
Summary, etc. The elderly in sub-Saharan Africa: a vulnerable population often ignored in public policyMany people and financial institutions believe that the elderly are not a priority in sub-Saharan Africa, a region marked by serious economic, socio-political and health crises. The purpose of this paper is to describe and analyze the assumptions and arguments underlying this view and to demonstrate that the elderly are a vulnerable priority population ignored by all stakeholders and primarily by technical and financial partners. The premise is that development must be viewed as a whole. In addition to improving the living conditions of children, youth and women, efforts to promote development in Africa must also take into account the needs of the elderly. The paper argues that there are four main reasons for focusing on the elderly in sub-Saharan Africa: systemic reasons, ethical/humanitarian reasons, developmental reasons and/or the interests and future of youth and adults.
700 10 - ADDED ENTRY--PERSONAL NAME
Personal name Berthé-Sanou, Lalla
Relator term author
700 10 - ADDED ENTRY--PERSONAL NAME
Personal name Konaté, Blahima
Relator term author
700 10 - ADDED ENTRY--PERSONAL NAME
Personal name Hien, Hervé
Relator term author
700 10 - ADDED ENTRY--PERSONAL NAME
Personal name Tou, Fatoumata
Relator term author
700 10 - ADDED ENTRY--PERSONAL NAME
Personal name Drabo, Maxime
Relator term author
700 10 - ADDED ENTRY--PERSONAL NAME
Personal name Badini-Kinda, Fatoumata
Relator term author
700 10 - ADDED ENTRY--PERSONAL NAME
Personal name Macq, Jean
Relator term author
786 0# - DATA SOURCE ENTRY
Note Santé Publique | 25 | 3 | 2013-07-22 | p. 373a-377a | 0995-3914
856 41 - ELECTRONIC LOCATION AND ACCESS
Uniform Resource Identifier <a href="https://stm.cairn.info/revue-sante-publique-2013-3-page-373a?lang=fr&redirect-ssocas=7080">https://stm.cairn.info/revue-sante-publique-2013-3-page-373a?lang=fr&redirect-ssocas=7080</a>

Pas d'exemplaire disponible.

PLUDOC

PLUDOC est la plateforme unique et centralisée de gestion des bibliothèques physiques et numériques de Guinée administré par le CEDUST. Elle est la plus grande base de données de ressources documentaires pour les Étudiants, Enseignants chercheurs et Chercheurs de Guinée.

Adresse

627 919 101/664 919 101

25 boulevard du commerce
Kaloum, Conakry, Guinée

Réseaux sociaux

Powered by Netsen Group @ 2025